000 00952nam a2200229Ii 4500
003 JO-AjNU
008 230605s9999||||xx |||||||||||||| ||und||
017 _a2007/6055
020 _a978-99901-06-59-6
040 _aJO-AjNU
_bara
_erda
_cJO-AjNU
041 _aara
050 1 4 _aK3400.2010
100 3 _aتأليف المتيوتي، صالح إبراهيم ؛ م.مشارك مروان محمد محروس المدرس ,
_eauthor
_953105
245 0 0 _aالقانون الإداري : القرار الإداري - العقد الإداري - الوظيفة العامة - الأموال العامة، الكتاب الثاني
250 _aط3
264 3 1 _aالبحرين : جامعة البحرين ، 2010
300 _aالكتاب الثاني، 349ص
336 _atext
_btxt
_2rdacontent
337 _aunmediated
_bn
_2rdamedia
338 _avolume
_bnc
_2rdacarrier
650 4 _aالقانون الاداري -- البحرين
_953106
999 _aA23565
_c27133
_d27133